000 00838nam a22002297a 4500
005 20170515105100.0
010 _aB-536922-932
020 _c895.00
_a9788120347977
035 _aB-536922-932
035 _aB-663832
037 _bUBH/Ven
037 _bBookwell
_adpl
082 _a547
100 _aGhatak, K.L.
245 _aA textbook of organic chemistry :
_cby K.L.Ghatak
_band problem analysis/
260 _aNew Delhi
_bPHI Learning
_c2014
270 _a111, Patparganj Industrial Estate,
_bDelhi
_e110092
300 _a1304p.
_c25cm(pbk)
942 _2ddc
_cEN
_h547
_mGHA
999 _c87923
_d87923